000 00912cam a22002777a 4500
005 20220329141128.0
008 971010s1986 r 00010 d
010 _a63061
011 _a64033
035 _a69053
082 _a636.0898
_bR6 1986
100 0 0 _aRoberts, Stephen J.
_997939
245 0 _aVeterinary obstetrics and general diseases (theriogenology)
250 _a3 ed.
260 _aNorth Pomfret, Vermont :
_bDavid and Charles,
_c1986
300 _a981 p.
590 _aBATCH-UPD
_b10
_c20130110
_lUCH01
_h0832
590 _aBATCH-UPD
_b10
_c20130410
_lUCH01
_h0510
590 _aBATCH-UPD
_b10
_c20130914
_lUCH01
_h1847
590 _aCONVERSION
_b10
_c20130109
_lUCH01
_h1334
650 1 4 _aObstetricia veterinaria.
_982589
650 1 4 _aPatología veterinaria.
_986194
650 1 4 _aReproducción animal.
_996028
901 _aBK
949 _a636.0898 R6 1986
_bZ
_cLIBRO
_d-1218
_eLIBRO
_h811
_i69053
_si
999 _c63061
_d63061